00397 a2200181 4500260001000000630004100010650000600051100001800057260001500075245003000090300001100120650002900131260000900160300001000169100000700179440001100186020001800197 aParis aDroit, législation, administration aG aLOMBARD, Paul bR. Laffont aLa Crépuscule des juges a187 p. aInstitutions judiciaires c1988 b22 cm lFr aEssais a2-221-05803-8